Statistics for Minnesota Timberwolves NBA All-Stars

Click here to take the quiz!

General Stats

  • This quiz has been taken 196 times
    (172 since last reset)
  • The average score is 5 of 7

Answer Stats

Players Selections Last % Correct
Kevin Garnett102007
99%
Karl-Anthony Towns22019
99%
Jimmy Butler12018
89%
Kevin Love32014
82%
Sam Cassell12004
62%
Wally Szczerbiak12002
41%
Tom Gugliotta11997
24%

Score Distribution

Percentile by Number Answered

Percent of People with Each Score

Your Score History

You have not taken this quiz since the last reset